Капитан звездного океана: фантастические повести для юношества

Dades bibliogràfiques
Altres autors: Лопусов Ю. А. (составитель)
Sumari:Исключено из фонда НТБ ТПУ
Idioma:rus
Publicat: Ленинград, Смарт, 1990
Col·lecció:Школа Ефремова
Format: MixedMaterials Llibre
KOHA link:https://koha.lib.tpu.ru/cgi-bin/koha/opac-detail.pl?biblionumber=327544

MARC

LEADER 00000nam0a2200000 4500
001 327544
005 20231101024555.0
035 |a (RuTPU)RU\TPU\book\353228 
090 |a 327544 
100 |a 20170201d1990 e y0rusy50 ca 
101 0 |a rus 
102 |a RU 
105 |a y z 000ay 
200 1 |a Капитан звездного океана  |e фантастические повести для юношества  |f сост. Ю. А. Лопусов 
210 |a Ленинград  |c Смарт  |d 1990 
215 |a 432 с. 
225 1 |a Школа Ефремова 
333 |a Исключено из фонда НТБ ТПУ 
702 1 |a Лопусов  |b Ю. А.  |4 220 
801 1 |a RU  |b 63413507  |c 20170201 
801 2 |a RU  |b 63413507  |c 20220602  |g RCR 
942 |c BK